Statistics for Bangladesh Must Know Destination

Click here to take the quiz!

General Stats

  • This quiz has been taken 5 times
  • The average score is 2 of 6

Answer Stats

Answer% Correct
Cox's Bazar
80%
Sundarbans
60%
Jaflong
40%
Ahsan Manzil
20%
Bandarban
20%
Rangamati
20%

Score Distribution

Percentile by Number Answered

Percent of People with Each Score

Your Score History

You have not taken this quiz